[Event "It"]
[Site "masterchessopen.com Venice (Italy)"]
[Round "0"]
[White "Canal Esteban (PER)"]
[Black "Barcza Gedeon (HUN)"]
[Result "0-1"]
[WhiteElo "2270"]
[BlackElo "2435"]

1.e4 c5 2.Nf3 Nc6 3.d4 cxd4 4.Nxd4 Nf6 5.Nc3 d6 6.Bg5 e6 7.Qd2 Be7 8.O-O-O O-O
9.f4 Nxd4 10.Qxd4 Qa5 11.Bc4 h6 12.Bh4 e5 13.Qd3 exf4 14.Nb5 Bg4 15.Rdf1 a6
16.Nc3 Qe5 17.Bf2 b5 18.Bb3 b4 19.Bd4 Qh5 20.Bxf6 Bxf6 21.Nd5 Bg5 22.h4 Be2
23.hxg5 Bxd3 24.Rxh5 Bxf1 25.gxh6 g6 26.Rh2 Kh8 27.Nxf4 Rac8 28.Nd5 Rc5 29.Ne3
Bb5 30.g4 Bc6 31.Rd2 Bxe4 32.Rxd6 f5 33.gxf5 gxf5 34.Nd5 f4 35.Nf6 Bc6 36.Kd2
f3 37.Bf7 f2 {#R} 0-1

[Event "Izt"]
[Site "masterchessopen.com Saltsjobaden (Sweden)"]
[Round "5"]
[White "Pachman Ludek (GER)"]
[Black "Barcza Gedeon (HUN)"]
[Result "1-0"]
[WhiteElo "2278"]
[BlackElo "2435"]

1.e4 c5 2.Nf3 Nc6 3.d4 cxd4 4.Nxd4 Nf6 5.Nc3 d6 6.Bg5 e6 7.Qd2 Be7 8.O-O-O O-O
9.f4 Nxd4 10.Qxd4 Qa5 11.Bc4 h6 12.h4 e5 ( 12...hxg5 13.hxg5 { ? } ) 13.Qg1
exf4 14.Bxf4 Bg4 15.Rd3 Nh5 { ? } ( 15...Rac8 16.Bb3 Rfd8 ) 16.Bxd6 Bxd6
17.Rxd6 Ng3 18.Qd4 { ! } 18...Qh5 19.Rd5 Qg6 20.Re1 Be6 21.Rd6 Qg4 22.Bxe6
fxe6 23.Rd7 Nh5 24.Rxb7 Rad8 25.Rd7 Qxh4 26.Rd1 Rxd7 27.Qxd7 Qg4 28.Qxa7 Qxg2
29.Qe7 Nf4 30.a4 Rf6 31.a5 Ne2+ 32.Nxe2 Qxe2 33.Qd8+ Rf8 34.Qd3 Qh5 35.b4 Rf3
36.Qd6 Kh7 37.e5 Ra3 38.Kb2 Re3 39.a6 Qe8 40.Qd4 {#r} 1-0

[Event "Ch World (juniors)"]
[Site "masterchessopen.com Copenhagen (Denmark)"]
[Round "7"]
[White "Keller Daniel (CZE)"]
[Black "Boey Josef (BEL)"]
[Result "0-1"]
[WhiteElo "2142"]
[BlackElo "2280"]

1.e4 c5 2.Nf3 Nc6 3.d4 cxd4 4.Nxd4 Nf6 5.Nc3 d6 6.Bg5 e6 7.Qd2 Be7 8.O-O-O O-O
9.f4 Nxd4 10.Qxd4 Qa5 11.e5 dxe5 12.fxe5 Rd8 13.Qf4 Rxd1+ 14.Kxd1 Nd5 15.Nxd5
Qxd5+ 16.Bd3 Bxg5 17.Qxg5 f5 18.Re1 Bd7 19.Qd2 Bc6 20.g4 fxg4 21.c4 Qg2
22.Qxg2 Bxg2 23.Be4 Rd8+ 24.Kc2 Bxe4+ 25.Rxe4 h5 26.b4 Kf7 27.a4 Kg6 28.Rf4
Rd7 29.Kc3 Kg5 30.Rf1 h4 31.c5 g3 32.hxg3 hxg3 33.b5 Kg4 34.Kc4 Rc7 35.a5 g2
36.Rd1 Kg3 37.c6 bxc6 38.b6 axb6 39.axb6 Rf7 40.Kc5 Rf1 41.Rd7 g1=Q+ {#R} 0-1

[Event "Ch Trade Unions (team)"]
[Site "masterchessopen.com Minsk (Belarus)"]
[Round "0"]
[White "Aronin Lev S (RUS)"]
[Black "Suetin Alexei S (RUS)"]
[Result "1-0"]
[WhiteElo "2420"]
[BlackElo "2327"]

1.e4 c5 2.Nf3 Nc6 3.d4 cxd4 4.Nxd4 Nf6 5.Nc3 d6 6.Bg5 e6 7.Qd2 Be7 8.O-O-O O-O
9.f4 Nxd4 10.Qxd4 Qa5 11.e5 dxe5 12.Qxe5 Qxe5 13.fxe5 Nd5 14.Bxe7 Nxe7 15.Bd3
Nc6 16.Rhe1 Rd8 17.b4 a6 18.Na4 Kf8 19.Be4 Ke7 20.Bxc6 Rxd1+ 21.Rxd1 bxc6
22.Rd6 Ra7 23.Nb6 Rc7 24.c4 f6 25.c5 fxe5 26.Kd2 Bd7 27.Ke3 Be8 28.Nc4 Rc8
29.a3 Ra8 30.Nxe5 Rc8 31.h4 Kf6 32.Nf3 a5 33.Ng5 axb4 34.axb4 h6 35.Nxe6 Rb8
36.Nc7+ Kf5 37.Nxe8 Rxe8+ 38.Kd3 Rc8 39.Kc4 h5 40.g3 g6 41.b5 cxb5+ 42.Kxb5
Rb8+ 43.Kc4 Rb1 44.Rd3 {#r} 1-0

[Event "Ch Czechoslovakia"]
[Site "masterchessopen.com Prague (Czech Republic)"]
[Round "7"]
[White "Fichtl Jiri (CZE)"]
[Black "Filip Miroslav (CZE)"]
[Result "1-0"]
[WhiteElo "2213"]
[BlackElo "2465"]

1.e4 c5 2.Nc3 d6 3.Nge2 Nf6 4.d4 cxd4 5.Nxd4 Nc6 6.Bg5 e6 7.Qd2 Be7 8.O-O-O
O-O 9.f4 Nxd4 10.Qxd4 Qa5 11.Kb1 Rd8 12.Qd2 Qc7 13.Qe1 a6 14.Bd3 h6 15.Bh4 b5
16.Bxf6 Bxf6 17.e5 dxe5 18.fxe5 Qxe5 19.Qxe5 Bxe5 20.Be4 Rd5 21.Nxd5 exd5
22.Rxd5 Bc7 23.Rxb5 Ra7 24.Rc5 Be6 25.Rd1 Kf8 26.h3 Ke7 27.Bf5 Bd6 28.Rc6 Bxf5
29.Rcxd6 Rc7 30.R6d2 Be4 31.Re1 f5 32.Rde2 Rc4 33.b3 Rd4 34.Kc1 Kf6 35.Rd1
{#r} 1-0

[Event "It (a)"]
[Site "masterchessopen.com Beverwijk (Netherlands)"]
[Round "0"]
[White "Kramer Haije J (NED)"]
[Black "Kottnauer Cenek (ENG)"]
[Result "1-0"]
[WhiteElo "2330"]
[BlackElo "2370"]

1.e4 c5 2.Ne2 Nc6 3.Nbc3 d6 4.d4 cxd4 5.Nxd4 Nf6 6.Bg5 e6 7.Qd2 Be7 8.O-O-O
O-O 9.f4 Nxd4 10.Qxd4 Qa5 11.e5 dxe5 12.Qxe5 Qb6 13.Na4 Qb4 14.Rd4 {#r} 1-0

[Event "Ch Bulgaria"]
[Site "masterchessopen.com Sofia (Bulgaria)"]
[Round "11"]
[White "Daskalov Georgi (BUL)"]
[Black "Padevsky Nikola (BUL)"]
[Result "0-1"]
[WhiteElo "2355"]
[BlackElo "2355"]

1.e4 c5 2.Nf3 d6 3.d4 cxd4 4.Nxd4 Nf6 5.Nc3 Nc6 6.Bg5 e6 7.Qd2 Be7 8.O-O-O
Nxd4 9.Qxd4 O-O 10.f4 Qa5 11.Kb1 Rd8 12.Qd2 Qc7 13.Bd3 Bd7 14.g4 Bc6 15.Rhg1
d5 16.exd5 Nxd5 17.Nxd5 Bxd5 18.Bxe7 Qxe7 19.Qe1 Rac8 20.g5 Qc7 21.Qh4 g6
22.Qf2 a5 23.h4 Bc4 24.Bxc4 Qxc4 25.Rd2 Rd5 26.b3 Qc5 27.Qxc5 Rcxc5 28.Rgd1
Rxd2 29.Rxd2 Rf5 30.Rd4 h6 31.a4 e5 32.fxe5 hxg5 33.hxg5 Rxe5 34.Rg4 f5
35.gxf6 Kf7 36.Kb2 Kxf6 37.b4 Kf5 38.Rc4 b6 39.Kb3 g5 40.Rc8 axb4 41.Kxb4 g4
42.c4 {#R} 0-1

[Event "Ch Bulgaria"]
[Site "masterchessopen.com Sofia (Bulgaria)"]
[Round "1"]
[White "Minev Nikolay N (USA)"]
[Black "Prahov Valentin (BUL)"]
[Result "0-1"]
[WhiteElo "2370"]
[BlackElo "2224"]

1.e4 c5 2.Nf3 Nc6 3.d4 cxd4 4.Nxd4 Nf6 5.Nc3 d6 6.Bg5 e6 7.Qd2 Be7 8.O-O-O
Nxd4 9.Qxd4 O-O 10.f4 Qa5 11.Bc4 Rd8 12.e5 dxe5 13.Qxe5 Qb6 14.Na4 Qb4 15.Bb3
Bd7 16.Rd4 Qb5 17.Rhd1 Be8 18.Qc7 Rxd4 19.Rxd4 Kf8 20.g4 Qc6 21.Qe5 h6 22.Bh4
Qh1+ 23.Rd1 Qxh2 24.Be1 Nxg4 25.Qe4 Rd8 26.Rxd8 Bxd8 27.Bb4+ Kg8 28.Bd6 Qg1+
29.Kd2 Qf2+ 30.Kc1 Bc6 31.Qd3 Qe1+ 32.Qd1 Qxd1+ 33.Kxd1 h5 34.Nc5 b6 35.Nd3 h4
36.f5 exf5 37.Nf4 g5 {#R} 0-1

[Event "Match \"]
[Site "masterchessopen.com Belgrade (Yugoslavia)"]
[Round "0"]
[White "Ivkov Borislav (SRB)"]
[Black "Taimanov Mark E (RUS)"]
[Result "1-0"]
[WhiteElo "2416"]
[BlackElo "2386"]

1.e4 c5 2.Nf3 Nc6 3.d4 cxd4 4.Nxd4 Nf6 5.Nc3 d6 6.Bg5 e6 7.Qd2 Be7 8.O-O-O O-O
9.f4 Nxd4 10.Qxd4 h6 11.Bh4 Qa5 12.e5 dxe5 13.Qxe5 Qxe5 14.fxe5 Nd5 15.Bxe7
Nxe7 16.Bd3 Bd7 17.Bh7+ Kxh7 18.Rxd7 Nc6 19.Rxb7 Nxe5 20.Re1 f6 21.Re3 Rfb8
22.Rc7 Rc8 23.Nb5 Rab8 24.Ra3 a5 25.Rxc8 Rxc8 26.Nd4 Nc4 27.Rc3 e5 28.b3 Nd6
29.Rxc8 Nxc8 30.Nc6 a4 31.bxa4 Kg6 32.a5 Kf7 33.a6 Ke6 34.a7 Nb6 35.Nb4 Kd6
36.c4 Kc5 37.Nd5 Na8 38.Ne3 Kb6 39.Nf5 Kxa7 40.Nxg7 Nb6 41.g4 Nxc4 42.Nf5 e4
43.Nxh6 Ne5 44.h4 Kb6 45.h5 Kc5 46.Kd2 Kd5 47.Nf5 Nf3+ 48.Ke2 Ng5 49.h6 {#r}
1-0

[Event "It"]
[Site "masterchessopen.com Madrid (Spain)"]
[Round "0"]
[White "Unzicker Wolfgang (GER)"]
[Black "Rossolimo Nicholas (RUS)"]
[Result "1-0"]
[WhiteElo "2433"]
[BlackElo "2450"]

1.e4 c5 2.Nf3 Nc6 3.d4 cxd4 4.Nxd4 Nf6 5.Nc3 d6 6.Bg5 e6 7.Qd2 Be7 8.O-O-O O-O
9.f4 Nxd4 10.Qxd4 h6 11.Bh4 Qa5 12.e5 dxe5 13.Qxe5 Qxe5 14.fxe5 Nd5 15.Bxe7
Nxe7 16.Bd3 Nc6 17.Rhe1 Rd8 18.Be4 Bd7 19.Nb5 Rab8 20.Nd6 b6 21.Bf3 a6 22.Re3
b5 23.Rf1 Rf8 24.Bh5 Be8 25.Rd1 a5 26.Bf3 Ne7 27.Rc3 a4 28.Be4 f5 29.Bf3 g5
30.Rc7 Ng6 31.Bh5 Nxe5 32.Bxe8 Rbxe8 33.Nxe8 Rxe8 34.Rb7 f4 35.Rxb5 Ng4 36.Rb7
Ne5 37.Rd4 Rf8 38.Rxa4 g4 39.Raa7 Nf7 40.Kd2 {#r} 1-0

[Event "Ch Ukraine"]
[Site "masterchessopen.com Kiev (Ukraine)"]
[Round "17"]
[White "Zurakhov Vladlen Y (RUS)"]
[Black "Sakharov Yuri N (RUS)"]
[Result "1-0"]
[WhiteElo "2415"]
[BlackElo "2475"]

1.e4 c5 2.Nf3 Nc6 3.d4 cxd4 4.Nxd4 Nf6 5.Nc3 d6 6.Bg5 e6 7.Qd2 Be7 8.O-O-O O-O
9.f4 Nxd4 10.Qxd4 Qa5 11.Bc4 e5 12.Qd3 exf4 13.Bxf4 Bg4 14.Rd2 Rac8 15.Nd5
Nxd5 16.Bxd5 Qb6 17.Be3 Qc7 18.Qb3 b6 19.Rf1 Bh5 20.Rdf2 Bh4 21.g3 Bf6 22.Rxf6
gxf6 23.Bd4 Rfe8 24.Rxf6 Bg6 25.Qd3 Qe7 26.Qd2 Rc5 27.Rxg6+ hxg6 28.Qh6 {#r}
1-0

[Event "Ch Belarus"]
[Site "masterchessopen.com Minsk (Belarus)"]
[Round "0"]
[White "Litvinov Viktor (RUS)"]
[Black "Boleslavsky Isaac (RUS)"]
[Result "0-1"]
[WhiteElo "2052"]
[BlackElo "2560"]

1.e4 c5 2.Nf3 Nc6 3.d4 cxd4 4.Nxd4 Nf6 5.Nc3 d6 6.Bg5 e6 7.Qd2 Be7 8.O-O-O O-O
9.f4 Nxd4 10.Qxd4 h6 11.Bh4 Qa5 12.e5 dxe5 13.Qxe5 Qxe5 14.fxe5 Nd5 15.Bxe7
Nxe7 16.Bb5 a6 17.Bd3 b5 18.Be4 Rb8 19.Rd6 b4 20.Na4 Rb5 21.Re1 Nf5 22.Bxf5
exf5 23.Rb6 Bb7 24.g3 Rc8 25.Rxb5 axb5 26.Nb6 Rc7 27.Rd1 Be4 28.Rd8+ Kh7
29.Rc8 Rb7 30.Na8 Re7 31.Nb6 Rb7 32.Na8 Ra7 33.Nb6 Rxa2 34.Nd7 Kg6 35.Nf8+ Kg5
36.Rc7 Kg4 37.Rxf7 b3 38.cxb3 Kf3 39.Kd2 b4 40.Rc7 Rxb2+ 41.Kd1 Rxh2 42.Rxg7
Ke3 43.Kc1 Rc2+ 44.Kd1 Rc3 {#R} 0-1

[Event "Ch URS (1/2 final)"]
[Site "masterchessopen.com Tallinn (Estonia)"]
[Round "0"]
[White "Stein Leonid Z (UKR)"]
[Black "Osnos Viatcheslav (RUS)"]
[Result "1-0"]
[WhiteElo "2620"]
[BlackElo "2384"]

1.e4 c5 2.Nf3 d6 3.d4 cxd4 4.Nxd4 Nf6 5.Nc3 Nc6 6.Bg5 e6 7.Qd2 Be7 8.O-O-O
Nxd4 9.Qxd4 O-O 10.f4 Qa5 11.Bc4 Rd8 12.Rhf1 Bd7 13.f5 { ! } 13...b5 { ? } (
13...e5 { !? ? 14... ?c6 } ) 14.fxe6 { ! } 14...bxc4 15.Rf5 Qb4 16.Bxf6 { ! }
( 16.exd7 Rab8 { ! } ) 16...Bxf6 17.exf7+ { ! } 17...Kf8 18.Rxf6 { ! }
18...Bg4 19.Rxd6 { ! } 19...Rdb8 20.Rf1 Qxb2+ 21.Kd2 Qb7 22.Qc5 Qe7 23.Nd5
Qg5+ 24.Rf4 { ! } {#r} 1-0

[Event "It (b)"]
[Site "masterchessopen.com Beverwijk (Netherlands)"]
[Round "0"]
[White "Zuidema Coen (NED)"]
[Black "Mohrlock Dieter (GER)"]
[Result "1-0"]
[WhiteElo "2450"]
[BlackElo "2300"]

1.e4 c5 2.Nf3 Nc6 3.d4 cxd4 4.Nxd4 Nf6 5.Nc3 d6 6.Bg5 e6 7.Qd2 Be7 8.O-O-O O-O
9.f4 Nxd4 10.Qxd4 Qa5 11.Bc4 Rd8 12.Rhf1 Bd7 13.f5 b5 14.fxe6 bxc4 15.Rf5 Qb4
16.exf7+ Kxf7 17.Bxf6 Bxf5 18.Bxe7 Be6 19.Bxd8 Rxd8 20.Qxa7+ Rd7 21.Rf1+ Kg6
22.Qf2 Rf7 23.Qg3+ Kh6 24.Rxf7 Bxf7 25.Qh4+ {#r} 1-0

[Event "Match \"]
[Site "masterchessopen.com Rijeka (Croatia)"]
[Round "0"]
[White "Gaprindashvili Nona (GEO)"]
[Black "Lazarevic Milunka (SRB)"]
[Result "0-1"]
[WhiteElo "2360"]
[BlackElo "2167"]

1.e4 c5 2.Nf3 Nc6 3.d4 cxd4 4.Nxd4 Nf6 5.Nc3 d6 6.Bg5 e6 7.Qd2 Be7 8.O-O-O O-O
9.f4 Nxd4 10.Qxd4 Qa5 11.Be2 h6 12.Bh4 e5 13.Qg1 Be6 14.Qe1 Rfe8 15.f5 Bxa2
16.Nd5 Qc5 17.Nxe7+ Rxe7 18.Bxf6 gxf6 19.Rd3 Rc7 20.Qd2 Rac8 21.Bd1 Kf8 22.g4
Ke7 23.Qxh6 Bc4 24.Rc3 Qf2 25.h4 Bd3 26.g5 Rxc3 27.Qxf6+ Ke8 28.bxc3 Rxc3
29.Kb2 Rxc2+ 30.Bxc2 Qxc2+ 31.Ka3 Bc4 32.Rh3 a5 {#R} 0-1

[Event "Match \"]
[Site "masterchessopen.com Sofia (Bulgaria)"]
[Round "1"]
[White "Shianovsky Vladislav I (UKR)"]
[Black "Popov Vladilen (BUL)"]
[Result "1-0"]
[WhiteElo "2255"]
[BlackElo "2260"]

1.e4 c5 2.Nf3 Nc6 3.d4 cxd4 4.Nxd4 Nf6 5.Nc3 d6 6.Bg5 e6 7.Qd2 Be7 8.O-O-O
Nxd4 9.Qxd4 O-O 10.f4 Qa5 11.Bc4 Bd7 12.Rd3 b5 13.Rg3 Kh8 14.e5 Qb6 15.Qxb6
axb6 16.exf6 gxf6 17.Bh6 Rg8 18.Bxb5 Bxb5 19.Nxb5 Rxa2 20.Kb1 Ra5 21.Nd4 Rg6
22.Rxg6 hxg6 23.f5 Kh7 24.Bc1 gxf5 25.Nc6 Rc5 26.Nxe7 Kg7 27.b3 {#r} 1-0

[Event "Ch Europe (team) (1/2 final)"]
[Site "masterchessopen.com Sinaya (Romania)"]
[Date "1964.08.05"]
[Round "1"]
[White "Moehring Guenther (GER)"]
[Black "Dely Peter (HUN)"]
[Result "0-1"]
[WhiteElo "2294"]
[BlackElo "2391"]

1.e4 c5 2.Nf3 d6 3.d4 cxd4 4.Nxd4 Nf6 5.Nc3 Nc6 6.Bg5 e6 7.Qd2 Be7 8.O-O-O O-O
9.f4 Nxd4 10.Qxd4 Qa5 11.e5 dxe5 12.Qxe5 Qxe5 13.fxe5 Nd5 14.Bxe7 Nxe7 15.Bb5
a6 16.Bd3 b5 17.Be4 Ra7 18.Rd6 Rc7 19.Re1 Rc5 20.Kd2 Nf5 21.Bxf5 exf5 22.Nd5
a5 23.Re3 Be6 24.Rd3 h6 25.a3 Kh7 26.Rd4 Rfc8 27.c3 a4 28.g3 Re8 29.Kd3 Bc8
30.Nb6 Rcxe5 31.Nxc8 Rxc8 32.R6d5 Rce8 33.Rxe5 Rxe5 34.Rb4 g5 35.c4 bxc4+
36.Rxc4 Re4 37.Rxe4 fxe4+ 38.Kxe4 Kg6 39.g4 f5+ 40.gxf5+ Kf6 41.b4 axb3 42.Kd3
{#R} 0-1

[Event "It"]
[Site "masterchessopen.com Skopje (Macedonia)"]
[Round "0"]
[White "Dely Peter (HUN)"]
[Black "Sofrevski Jovan (MKD)"]
[Result "0-1"]
[WhiteElo "2391"]
[BlackElo "2375"]

1.e4 c5 2.Nf3 d6 3.d4 cxd4 4.Nxd4 Nf6 5.Nc3 Nc6 6.Bg5 e6 7.Qd2 Be7 8.O-O-O O-O
9.f4 Nxd4 10.Qxd4 Qa5 11.Bc4 Bd7 12.e5 dxe5 13.fxe5 Bc6 14.Bxf6 gxf6 15.Rde1
f5 16.Kb1 Kh8 17.Rhg1 Bc5 18.Qh4 Qd8 19.Qh6 Bxg1 20.Rxg1 Rg8 21.g4 Qg5 {#R}
0-1

[Event "It"]
[Site "masterchessopen.com Reggio Emilia (Italy)"]
[Round "0"]
[White "Matulovic Milan (SRB)"]
[Black "Trincardi Tullio (ITA)"]
[Result "1-0"]
[WhiteElo "2394"]
[BlackElo "2235"]

1.e4 c5 2.Nf3 Nc6 3.d4 cxd4 4.Nxd4 Nf6 5.Nc3 d6 6.Bg5 e6 7.Qd2 Be7 8.O-O-O O-O
9.f4 Nxd4 10.Qxd4 Qa5 11.e5 dxe5 12.Qxe5 Qxe5 13.fxe5 Nd5 14.Bxe7 Nxe7 15.Bd3
Nc6 16.Rhe1 Rd8 17.b4 Bd7 18.b5 Na5 19.Ne4 Rac8 20.Nd6 Rc5 21.Re4 Kf8 22.Rde1
Be8 23.g4 h6 24.Kb2 b6 25.h4 Rc7 26.g5 hxg5 27.hxg5 Nb7 28.Nxb7 Rxb7 29.Rh1 g6
30.a4 Rd5 31.Rh7 Rc7 32.Rh3 Rcc5 33.Rhe3 Ke7 34.Kb3 Bd7 35.c4 {#r} 1-0

[Event "Match"]
[Site "masterchessopen.com Eersel (Denmark)"]
[Round "6"]
[White "Tal Mikhail N (LAT)"]
[Black "Larsen Bent (DEN)"]
[Result "0-1"]
[WhiteElo "2520"]
[BlackElo "2415"]

1.e4 c5 2.Nf3 d6 3.d4 cxd4 4.Nxd4 Nf6 5.Nc3 Nc6 6.Bg5 e6 7.Qd2 Be7 8.O-O-O O-O
9.f4 Nxd4 10.Qxd4 Qa5 11.Bc4 Bd7 12.Kb1 Bc6 13.Rhf1 h6 14.Bh4 Qh5 15.g3 g5
16.fxg5 hxg5 17.Rxf6 Bxf6 18.Qxf6 gxh4 19.gxh4 Kh7 20.e5 ( 20.Rxd6 Qg6 21.Qf4
{ ? } ) 20...dxe5 21.Rf1 ( 21.Bd3+ e4 { ? } ) 21...Qg6 22.Qxe5 f5 23.Bd3 ( { ?
} 23.Ne2 { ? } ) 23...Qf6 24.Qe3 Rad8 25.Ne2 a6 26.Nf4 e5 27.Nh3 ( 27.Nh5 Qg6
{ = } ( 27...Qh6 28.Rxf5 Qxe3 29.Rf7+ Kg8 30.Rg7+ { = } ) ) 27...e4 28.Ng5+ {
? } ( 28.Be2 { = } ) 28...Kh8 29.Qe2 Qh6 30.Bc4 f4 { ! } 31.Nf7+ Rxf7 32.Bxf7
f3 33.Qc4 Qf6 34.Qb3 Qd4 ( 34...Bb5 { ??+ } ) 35.a3 e3 36.Rc1 e2 37.Qe6 Qf4
38.Qe7 Qxc1+ 39.Ka2 Qg1 40.Qxd8+ Kh7 41.Bc4 {#R} 0-1

[Event "It"]
[Site "masterchessopen.com Ljubljana (Slovenia)"]
[Round "0"]
[White "Matanovic Aleksandar (SRB)"]
[Black "Musil Vojko (SLO)"]
[Result "1-0"]
[WhiteElo "2490"]
[BlackElo "2340"]

1.e4 c5 2.Nf3 d6 3.d4 cxd4 4.Nxd4 Nf6 5.Nc3 Nc6 6.Bg5 e6 7.Qd2 Be7 8.f4 O-O
9.O-O-O Nxd4 10.Qxd4 Qa5 11.Bc4 Bd7 12.e5 dxe5 13.fxe5 Bc6 14.h4 Rad8 15.Qf4
Rxd1+ 16.Rxd1 Nd5 17.Bxd5 Bxg5 18.hxg5 Bxd5 19.Rh1 Rc8 20.Qg3 Qc5 21.Qd3 Bxg2
22.Qxh7+ Kf8 23.Re1 g6 24.Qh2 Qf2 25.Rg1 Qe3+ 26.Kb1 Rxc3 27.bxc3 Be4 28.Rd1
Qb6+ 29.Kc1 Qa5 30.Qh8+ Ke7 31.Qb8 Bd5 32.Qd6+ Ke8 33.c4 Bc6 34.a3 Qb6 35.Rd4
Qa5 36.Kb2 {#r} 1-0

[Event "Olympiad"]
[Site "masterchessopen.com Siegen (Germany)"]
[Round "4"]
[White "Peretz Malkiel (ISR)"]
[Black "Cobo Arteaga Eldis (CUB)"]
[Result "0-1"]
[WhiteElo "2264"]
[BlackElo "2345"]

1.e4 c5 2.Nf3 d6 3.d4 cxd4 4.Nxd4 Nf6 5.Nc3 Nc6 6.Bg5 e6 7.Qd2 Be7 8.O-O-O O-O
9.f4 Nxd4 10.Qxd4 Qa5 11.Kb1 h6 12.Bh4 e5 13.Qd2 exf4 14.Nd5 Qd8 15.Nxe7+ Qxe7
16.Bxf6 Qxf6 17.Bd3 Qe5 18.Rdf1 g5 19.h4 Bg4 20.hxg5 hxg5 21.g3 fxg3 22.Rfg1
f6 23.Qe3 Kg7 24.Rxg3 Be6 25.Rh5 Rh8 26.Rxh8 Rxh8 27.Rg1 b6 28.Qc1 Rh2 29.b3
a5 30.Rf1 g4 31.Qe3 b5 32.Qa7+ Kg6 33.Qxa5 g3 34.Qe1 g2 35.Rg1 Kf7 36.Qf2 Qc5
37.Qxc5 dxc5 38.Bf1 Rh1 39.Rxg2 Rxf1+ 40.Kb2 Re1 {#R} 0-1

[Event "It \"]
[Site "masterchessopen.com USA"]
[Round "9"]
[White "Popovych Orest (USA)"]
[Black "Busquets Luis (USA)"]
[Result "1-0"]
[WhiteElo "2244"]
[BlackElo "2193"]

1.e4 c5 2.Nf3 Nc6 3.d4 cxd4 4.Nxd4 Nf6 5.Nc3 d6 6.Bg5 e6 7.Qd2 Be7 8.O-O-O O-O
9.f4 Nxd4 10.Qxd4 Qa5 11.Bc4 h6 12.Bh4 e5 13.fxe5 dxe5 14.Qd3 Be6 15.Bxf6 Bxc4
16.Qxc4 Bxf6 17.Nd5 Bd8 18.Kb1 Kh7 19.Rhf1 Bb6 20.Nxb6 Qxb6 21.Rxf7 Rac8
22.Qf1 Rxf7 23.Qxf7 Qc5 24.Qf5+ Kh8 25.c3 Rf8 26.b4 Qe7 27.Qg4 Rd8 28.Rd5 Rxd5
29.exd5 Kg8 30.Kc2 b5 31.Kd3 Kh7 32.h4 Qf6 33.Ke4 g6 34.g3 h5 35.Qd7+ Kh6
36.Qe6 Qf2 37.Qxe5 Qxa2 38.Qh8# 1-0

[Event "?"]
[Site "masterchessopen.com Omsk (Russia)"]
[Round "0"]
[White "Tseshkovsky Vitaly (RUS)"]
[Black "Korensky Valeri S (RUS)"]
[Result "1-0"]
[WhiteElo "2472"]
[BlackElo "2435"]

1.e4 c5 2.Nf3 Nc6 3.d4 cxd4 4.Nxd4 Nf6 5.Nc3 d6 6.Bg5 e6 7.Qd2 Be7 8.O-O-O
Nxd4 9.Qxd4 O-O 10.f4 Qa5 11.Bc4 Bd7 12.e5 dxe5 13.fxe5 Bc6 14.Bd2 Nd7 15.Nd5
Qd8 16.Nxe7+ Qxe7 17.Rhe1 Rfc8 18.Qg4 Qc5 19.Bh6 g6 20.Re2 Rc7 21.Rf1 Re8
22.Ref2 Bd5 23.Rxf7 Nxe5 24.Qd4 Bxc4 25.Qxc5 Rxf7 26.Re1 Ng4 27.Bd2 Bd5 28.h3
Nf6 29.Bc3 b6 30.Qg1 Ref8 31.b3 Ne4 32.Bb4 Rc8 33.Qd4 a5 34.Ba3 Rf2 35.c4 Rd2
36.Qe5 Bxc4 37.Rxe4 Rcd8 38.Rxc4 Rd1+ 39.Kb2 {#r} 1-0

[Event "It"]
[Site "masterchessopen.com Sochi (Russia)"]
[Round "0"]
[White "Spassky Boris V (FRA)"]
[Black "Korensky Valeri S (RUS)"]
[Result "1-0"]
[WhiteElo "2655"]
[BlackElo "2435"]

1.e4 c5 2.Nf3 Nc6 3.d4 cxd4 4.Nxd4 Nf6 5.Nc3 d6 6.Bg5 e6 7.Qd2 Be7 8.O-O-O
Nxd4 9.Qxd4 O-O 10.f4 Qa5 11.Bc4 Bd7 12.e5 dxe5 13.fxe5 Bc6 14.h4 Bc5 15.Qf4
Nd5 16.Bxd5 Bxd5 17.Bf6 Rfc8 18.Bxg7 Kxg7 19.Qf6+ Kf8 20.Rhf1 Rc7 21.Nxd5 exd5
22.e6 Qxa2 23.e7+ Kg8 24.Qxf7+ Kh8 25.e8=Q+ Rxe8 26.Qxe8+ Kg7 27.Qe5+ Kg8
28.Qg5+ {#r} 1-0

[Event "Ch URS (1 liga)"]
[Site "masterchessopen.com Tbilisi (Georgia)"]
[Round "12"]
[White "Makarichev Sergey (RUS)"]
[Black "Osnos Viatcheslav (RUS)"]
[Result "0-1"]
[WhiteElo "2390"]
[BlackElo "2510"]

1.e4 c5 2.Nf3 Nc6 3.d4 cxd4 4.Nxd4 Nf6 5.Nc3 d6 6.Bg5 e6 7.Qd2 Be7 8.O-O-O
Nxd4 9.Qxd4 O-O 10.f4 Qa5 11.Bc4 Rd8 12.Rhf1 Bd7 13.f5 Rac8 14.Bb3 exf5
15.exf5 Bc6 16.g4 d5 17.Rfe1 Bc5 18.Qd3 Bb4 19.Bxf6 gxf6 20.g5 fxg5 21.Rg1 h6
22.Nxd5 Bxd5 23.Bxd5 Qc7 24.Kb1 Be7 25.c3 Bf6 26.h4 Qb6 27.hxg5 hxg5 28.Qe2
Kf8 29.Qh2 Rxc3 30.Qh6+ Ke7 31.Bb3 Re3 32.Qh5 Rxd1+ 33.Rxd1 Rxb3 34.axb3 Qf2
35.Rd7+ Kxd7 36.Qxf7+ Be7 37.Qe6+ Kd8 38.Qd5+ Kc7 39.Qe5+ Bd6 40.Qg7+ Kb6
41.Qxg5 Be5 42.Qd8+ Ka6 {#R} 0-1

[Event "Ch URS (qual)"]
[Site "masterchessopen.com Cheliabinsk (Russia)"]
[Round "0"]
[White "Kayumov Dmitry D (UZB)"]
[Black "Osnos Viatcheslav (RUS)"]
[Result "1-0"]
[WhiteElo "2441"]
[BlackElo "2384"]

1.e4 c5 2.Nf3 Nc6 3.d4 cxd4 4.Nxd4 Nf6 5.Nc3 d6 6.Bg5 e6 7.Qd2 Be7 8.O-O-O
Nxd4 9.Qxd4 O-O 10.f4 Qa5 11.Bc4 Rd8 12.Rhf1 e5 13.Qd3 exf4 14.Bxf4 Be6
15.Bxe6 fxe6 16.Qh3 Kf7 17.e5 dxe5 18.Rde1 Rac8 19.Bxe5 Rxc3 20.Bxc3 Qxa2
21.Qh5+ Kg8 22.Qa5 Qxa5 23.Bxa5 Rd5 24.Bc3 Kf7 25.Re5 Rd6 26.h3 Ra6 27.Ra5
Rxa5 28.Bxa5 e5 29.Bc7 Ke6 30.Re1 Nd7 31.c4 Bc5 32.Kc2 Bd4 33.b4 Nf6 34.Bd8 h5
35.Kd3 b5 36.cxb5 Nd5 37.Rc1 Nxb4+ 38.Ke4 Kd7 39.Ba5 {#r} 1-0

[Event "?"]
[Site "masterchessopen.com Portimao (Portugal)"]
[Round "0"]
[White "Evans Larry M (USA)"]
[Black "Santos Luis (POR)"]
[Result "1-0"]
[WhiteElo "2470"]
[BlackElo "2357"]

1.e4 c5 2.Nf3 Nc6 3.d4 cxd4 4.Nxd4 Nf6 5.Nc3 d6 6.Bg5 e6 7.Qd2 Be7 8.O-O-O O-O
9.f4 Nxd4 10.Qxd4 Qa5 11.e5 dxe5 12.Qxe5 Qxe5 13.fxe5 Nd5 14.Bxe7 Nxe7 15.Bb5
Ng6 16.Rhe1 b6 17.g3 Bb7 18.Rd7 Bg2 19.Rd2 Bb7 20.h4 Rfd8 21.Bd3 Ne7 22.Red1
Nd5 23.Be4 Kf8 24.Nxd5 exd5 25.Bxd5 Bxd5 26.Rxd5 Rxd5 27.Rxd5 Ke7 28.Kd2 Rc8
29.Kd3 Rc6 30.g4 Rh6 31.h5 Rc6 32.c4 g6 33.h6 g5 34.Rd6 Rc5 35.Kd4 Ra5 36.a3
Ra4 37.Rc6 b5 38.Kd5 bxc4 39.Rc7+ Ke8 40.Kd6 Ra6+ 41.Rc6 Rxc6+ 42.Kxc6 Ke7
43.Kd5 f6 44.Kxc4 {#r} 1-0

[Event "It"]
[Site "masterchessopen.com Agard (Hungary)"]
[Round "0"]
[White "Fichtl Jiri (CZE)"]
[Black "Paoli Enrico (ITA)"]
[Result "1-0"]
[WhiteElo "2213"]
[BlackElo "2300"]

1.e4 c5 2.Nf3 Nc6 3.d4 cxd4 4.Nxd4 Nf6 5.Nc3 d6 6.Bg5 e6 7.Qd2 Be7 8.O-O-O O-O
9.f4 Nxd4 10.Qxd4 Qa5 11.Kb1 Rd8 12.Qd2 Qb6 13.Qe1 h6 14.Bh4 Kf8 15.Bd3 Bd7
16.g4 Ng8 17.Rf1 Bxh4 18.Qxh4 Rac8 19.Ka1 Qa5 20.f5 Qe5 21.fxe6 Bxe6 22.Nd5
Bxd5 23.exd5 Nf6 24.Qf2 Rc5 25.c4 Rc7 26.Rde1 Qg5 27.h3 b6 28.Bf5 Nd7 29.h4
Qf6 30.g5 hxg5 31.hxg5 Qxg5 32.Bxd7 Rcxd7 33.Rh1 f6 34.Qe2 Qe5 35.Qg4 Qg5
36.Qe6 {#r} 1-0

[Event "It"]
[Site "masterchessopen.com Las Palmas (Spain)"]
[Round "15"]
[White "Tseshkovsky Vitaly (RUS)"]
[Black "Rodriguez Orestes (ESP)"]
[Result "1-0"]
[WhiteElo "2550"]
[BlackElo "2435"]

1.e4 c5 2.Nf3 Nc6 3.d4 cxd4 4.Nxd4 Nf6 5.Nc3 d6 6.Bg5 e6 7.Qd2 Be7 8.O-O-O
Nxd4 9.Qxd4 O-O 10.f4 Qa5 11.Bc4 Bd7 12.e5 dxe5 13.fxe5 Bc6 14.Bd2 Nd7 15.Nd5
Qc5 16.Nxe7+ Qxe7 17.Rhe1 Qc5 18.Qf4 Rfc8 19.Bd3 a5 20.Qg3 Nf8 21.Be3 Qe7
22.h4 Kh8 23.Rf1 Ng6 24.h5 Nf8 25.h6 g6 26.Bg5 Qe8 27.Qf4 f5 28.exf6 Qf7 29.g4
Bd5 30.Kb1 Nd7 31.c4 Bxc4 32.Bxc4 Rxc4 33.Rxd7 {#r} 1-0